000 00718nam a22002177a 4500
003 UA-OsUOA
001 78198
007 ta
008 20111004b un ||||| |||| 00| 0 ukr d
100 _aСтефанюк І.Б,
090 _a330(477)
_bС79
942 _cSA
040 _aUA-OsUOA
_bukr
_cUA-OsUOA
_dUA-OsUOA
245 _aМетодологіні засади функціонування системи державного внутрішнього фінансового контролю в Україні
300 _aС.84-103
955 _a0
041 _aukr
080 _a330(477)
773 0 _w78186
_tФінанси України
_dК.
_d2011
_g6
650 7 _a330 Економіка взагалі
_2UDC
999 _c364509
_d364509